東京駅から出ている鉄道の行き先 - Statistics

General Stats
  • This quiz has been taken 7,998 times
  • The average score is 74 of 106
Answer Stats
Answer % Correct
新大阪
96%
名古屋
95%
博多
94%
仙台
94%
高崎
92%
広島
91%
新青森
91%
大宮
91%
岡山
90%
新函館北斗
90%
金沢
90%
品川
90%
静岡
89%
盛岡
89%
新潟
89%
熱海
89%
宇都宮
89%
秋田
88%
長野
88%
千葉
88%
浜松
87%
山形
86%
小田原
86%
三島
84%
池袋
84%
新宿
84%
八王子
83%
姫路
81%
蘇我
81%
大船
81%
上野
81%
大崎
81%
水戸
80%
郡山
79%
高尾
79%
成田
78%
立川
78%
新庄
77%
横須賀
76%
那須塩原
75%
越後湯沢
75%
大月
75%
甲府
75%
いわき
75%
松本
74%
沼津
72%
成田空港
70%
府中本町
69%
逗子
69%
南浦和
69%
海浜幕張
68%
平塚
68%
籠原
68%
西船橋
67%
国府津
67%
土浦
67%
桜木町
67%
赤羽
67%
荻窪
67%
国分寺
66%
豊田
66%
蒲田
66%
取手
65%
久里浜
65%
伊東
63%
上総一ノ宮
62%
津田沼
62%
青梅
62%
前橋
61%
小金井
61%
勝田
61%
東神奈川
61%
銚子
60%
武蔵小金井
60%
伊豆急下田
60%
方南町
60%
君津
58%
磯子
58%
鶴見
58%
高松
55%
出雲市
54%
新前橋
54%
安房鴨川
53%
佐倉
53%
東十条
52%
中野坂上
52%
高萩
51%
成東
50%
修善寺
49%
古河
48%
河口湖
47%
拝島
46%
勝浦
45%
新習志野
43%
竜王
42%
中野富士見町
41%
東所沢
40%
鹿島神宮
40%
茗荷谷
39%
茂原
32%
誉田
28%
河辺
26%
No matching quizzes found
Score Distribution
Percent of People with Each Score
Percentile by Number Answered
Your Score History
You have not taken this quiz